ბათუმის შოთა რუსთაველის სახელმწიფო უნივერსიტეტის ბიბლიოთეკა

ზმნისწინა სემანტიკური ნიუანსები ახალ სალიტერატურო ქართულში / (ბიბ.ჩანაწერი № 50964)

000 -ლიდერი
ფიქსირებული სიგრძის საკონტროლო ველი 01282nam a2200253Ia 4500
001 - საკონტროლო ნომერი
საკონტროლო ველი 17921
003 - საკონტროლო ნომრის იდენტიფიკატორი
საკონტროლო ველი GE_BSU
005 - ბოლო ოპერაციის თარიღი და დრო
საკონტროლო ველი 20200228160317.0
008 - ფიქსირებული სიგრძის მონაცემთა ელემენტები - ზოგადი ინფორმაცია
ფიქსირებული სიგრძის საკონტროლო ველი 181216s2015ge xx |||||||||||||| ||geo||
020 ## - წიგნის საერთაშორისო სტანდარტული ნომერი
International Standard Book Number 9789941466199
040 ## - კატალოგიზაციის წყარო
Transcribing agency GE_BSU
041 ## - ენის კოდი
Language code of text/sound track or separate title geo
080 ## - უნივერსალური ათობითი კლასიფიკაციის ინდექსი
Universal Decimal Classification number 811.353.1-1 ჩ-61
100 ## - მთავარი ჩანაწერი - პიროვნების სახელი
Personal name ჩიმქე, ჰარუნ.
9 (RLIN) 5689
245 ## - ცნობა სათაურის შესახებ
Title ზმნისწინა სემანტიკური ნიუანსები ახალ სალიტერატურო ქართულში /
Statement of responsibility, etc ჰარუნ ჩიმქე ; რედ. რ. საღინაძე ; გარეკანის დიზაინი ი. ხელაიასი.
264 ## - წარმოების, გამოცემის, დისტრიბუციის და სხვა ცნობები
გამოცემის, წარმოების, დისტრიბუციის... ადგილი თბილისი :
გამოცემის, წარმოების, დისტრიბუციის... სახელწოდება ინტელექტი,
გამოცემის, წარმოების, დისტრიბუციის... თარიღი 2015.
300 ## - ფიზიკური აღწერა
Extent 230 გვ.:
Dimensions 23 სმ.
653 ## - INDEX TERM--UNCONTROLLED
Uncontrolled term გრამატიკა ქართული
653 ## - INDEX TERM--UNCONTROLLED
Uncontrolled term ზმნისწინა სემანტიკური ნიუანსები ახალ სალიტერატურო ქართულში
653 ## - INDEX TERM--UNCONTROLLED
Uncontrolled term ქართული ენა
700 ## - ADDED ENTRY--PERSONAL NAME
Personal name საღინაძე, რ.
Relator term რედაქტორი
9 (RLIN) 7634
700 ## - ADDED ENTRY--PERSONAL NAME
Personal name ხელაია, ი
Relator term დიზაინერი
9 (RLIN) 7635
942 ## - ADDED ENTRY ELEMENTS (KOHA)
Koha item type წიგნი
Source of classification or shelving scheme
ეგზემპლარები
ჩამოწერის სტატუსი დაკარგული ეგზემპლარის სტატუსი კლასიფიკაციის წყარო ან თაროზე გაწყობის სქემა დაზიანების სტატუსი არ გაიცემა მუდმივი მდებარეობა (დაცვის ადგილი) ამჟამინდელი ადგილსამყოფელი თაროზე განთავსების ადგილი შეძენის თარიღი სრული შენახვის შიფრი შტრიხკოდი ბოლო ოპერაციის თარიღი ეგზემპლარის მიმდევრობითი ნომერი (კეტერი?) ფასის ძალაში შესვლის თარიღი ეგზემპლარის სახეობა
          ბათუმის შოთა რუსთაველის სახელმწიფო უნივერსიტეტის მთავარი ბიბლიოთეკა ბათუმის შოთა რუსთაველის სახელმწიფო უნივერსიტეტის მთავარი ბიბლიოთეკა წიგნსაცავი 2018-12-17 811.353.1-1 ჩ-61 45866 2018-12-17 45866 2018-12-17 წიგნი
          ბათუმის შოთა რუსთაველის სახელმწიფო უნივერსიტეტის მთავარი ბიბლიოთეკა ბათუმის შოთა რუსთაველის სახელმწიფო უნივერსიტეტის მთავარი ბიბლიოთეკა წიგნსაცავი 2018-12-17 811.353.1-1 ჩ-61 45867 2018-12-17 45867 2018-12-17 წიგნი
          ბათუმის შოთა რუსთაველის სახელმწიფო უნივერსიტეტის მთავარი ბიბლიოთეკა ბათუმის შოთა რუსთაველის სახელმწიფო უნივერსიტეტის მთავარი ბიბლიოთეკა წიგნსაცავი 2018-12-17 811.353.1-1 ჩ-61 45868 2018-12-17 45868 2018-12-17 წიგნი
          ბათუმის შოთა რუსთაველის სახელმწიფო უნივერსიტეტის მთავარი ბიბლიოთეკა ბათუმის შოთა რუსთაველის სახელმწიფო უნივერსიტეტის მთავარი ბიბლიოთეკა წიგნსაცავი 2018-12-17 811.353.1-1 ჩ-61 45869 2018-12-17 45869 2018-12-17 წიგნი
          ბათუმის შოთა რუსთაველის სახელმწიფო უნივერსიტეტის მთავარი ბიბლიოთეკა ბათუმის შოთა რუსთაველის სახელმწიფო უნივერსიტეტის მთავარი ბიბლიოთეკა წიგნსაცავი 2018-12-17 811.353.1-1 ჩ-61 45879 2018-12-17 45879 2018-12-17 წიგნი